000 00356nam a22001457a 4500
082 _aM301
_bMOH/N
100 _aMohanan N
245 _aNunayude kshanikathakal thedi/
_cby Mohanan N
260 _aKollam:
_bSankeerthanam,
_c1998.
300 _a94p.
650 _aStories Malayalam
650 _aLiterature Malayalam
650 _aLiterature
942 _cBK
999 _c67804
_d67804